Uplatňovanie medzinárodných štandardov finančného vykazovania (IFRS) v Slovenskej republike diplomová práca

Enregistré dans:
Détails bibliographiques
Auteur principal: Kucková, Alena
Collectivité auteur: Fakulta hospodárskej informatiky EU. Katedra účtovníctva a audítorstva
Autres auteurs: Šlosárová, Anna
Format: Livre
Langue:slovaque
Publié: Bratislava 2008
Tags: Ajouter un tag
Pas de tags, Soyez le premier à ajouter un tag!

MARC

LEADER 00000nam$a2200000$$$4500
001 0085021
005 20240201120620.1
041 0 |a slo 
044 |a SK 
245 1 0 |a Uplatňovanie medzinárodných štandardov finančného vykazovania (IFRS) v Slovenskej republike  |b diplomová práca  |c Alena Kucková ; škol. Anna Šlosárová 
264 1 |a Bratislava  |c 2008 
300 |a 75 s. 
100 1 |a Kucková, Alena 
700 1 |a Šlosárová, Anna 
710 2 |a Fakulta hospodárskej informatiky EU. Katedra účtovníctva a audítorstva